Clínica de metodología : (Record no. 9292)

MARC details
000 -LEADER
fixed length control field 00682nam a22001817a 4500
008 - FIXED-LENGTH DATA ELEMENTS--GENERAL INFORMATION
fixed length control field 110606t mx||||| |||| 00| 0 sp d
020 ## - INTERNATIONAL STANDARD BOOK NUMBER
International Standard Book Number 6070014161
050 04 - LIBRARY OF CONGRESS CALL NUMBER
Classification number LB2369
Item number P33
100 1# - MAIN ENTRY--PERSONAL NAME
Personal name Padilla Alegre, José
245 10 - TITLE STATEMENT
Title Clínica de metodología :
Remainder of title Cómo se elabora un proyecto de investigación /
Statement of responsibility, etc José Padilla Alegre ; pról. Alfredo Lauro Vera Amaya
250 ## - EDITION STATEMENT
Edition statement 1a ed.
260 ## - PUBLICATION, DISTRIBUTION, ETC. (IMPRINT)
Place of publication, distribution, etc México :
Name of publisher, distributor, etc Palacio del derecho editores,
Date of publication, distribution, etc 2010
300 ## - PHYSICAL DESCRIPTION
Extent 135 p. :
Other physical details il. ;
Dimensions 21 cm.
504 ## - BIBLIOGRAPHY, ETC. NOTE
Bibliography, etc Bibliografía : p. 133-135
650 #7 - SUBJECT ADDED ENTRY--TOPICAL TERM
Source of heading or term Lemb
Topical term or geographic name as entry element Tesis y disertaciones académicas
General subdivision Metodología
650 #7 - SUBJECT ADDED ENTRY--TOPICAL TERM
Source of heading or term Lemb
Topical term or geographic name as entry element Tesis y disertaciones académicas
General subdivision Investigación
942 ## - ADDED ENTRY ELEMENTS (KOHA)
Source of classification or shelving scheme Clasificación Decimal Dewey
Koha item type Libro
Holdings
Estado de pérdida Fuente de clasificación Estado del daño No para préstamo Ubicación permanente Ubicación actual Apartado o colección Fecha de adquisición Edición Enumeración de Serie / Cronológica Dependencia de educación superior (DES) Área del conocimiento Clasificación Código de Barras Date last seen Número de copia Costo por reposición Tipo de recurso
  Biblioteca del Cogreso de los Estados Unidos     Biblioteca de la Facultad de Derecho y Ciencias Sociales "Felipe J. Tena" Biblioteca de la Facultad de Derecho y Ciencias Sociales "Felipe J. Tena" General 06/06/2011 1a ed. Derecho Educación y Humanidades LB2369 P33 2010 BFD000001602 16/01/2015 1 1.00 Libro
No localizable Biblioteca del Cogreso de los Estados Unidos     Biblioteca de la Facultad de Derecho y Ciencias Sociales "Felipe J. Tena" Biblioteca de la Facultad de Derecho y Ciencias Sociales "Felipe J. Tena" General 06/06/2011 1a ed. Derecho Educación y Humanidades LB2369 P33 2010 BFD000001603 06/06/2011 2 1.00 Libro
  Biblioteca del Cogreso de los Estados Unidos     Biblioteca de la Facultad de Derecho y Ciencias Sociales "Felipe J. Tena" Biblioteca de la Facultad de Derecho y Ciencias Sociales "Felipe J. Tena" General 06/06/2011 1a ed. Derecho Educación y Humanidades LB2369 P33 2010 BFD000001604 16/01/2015 3 1.00 Libro
  Biblioteca del Cogreso de los Estados Unidos     Biblioteca de la Facultad de Derecho y Ciencias Sociales "Felipe J. Tena" Biblioteca de la Facultad de Derecho y Ciencias Sociales "Felipe J. Tena" General 25/01/2012 1a ed.   Derecho Educación y Humanidades LB2369 P33 2010 BFD000002602 16/01/2015 4 1.00 Libro
  Biblioteca del Cogreso de los Estados Unidos     Biblioteca de la Facultad de Derecho y Ciencias Sociales "Felipe J. Tena" Biblioteca de la Facultad de Derecho y Ciencias Sociales "Felipe J. Tena" General 20/06/2013 1a ed.   Derecho Educación y Humanidades LB2369 P33 2010 BFD000003515 16/01/2015 5 1.00 Libro